Declaración de compromiso en la lucha contra el VIH SIDA /
Guardado en:
| Autores Corporativos: | , |
|---|---|
| Formato: | Texto |
| Publicado: |
Nueva York:
Departamento de Información de las Naciones Unidas
|
| Materias: | |
| Etiquetas: |
Agregar Etiqueta
Sin Etiquetas, Sea el primero en etiquetar este registro!
|
MARC
| LEADER | 00000 a a2200000 04500 | ||
|---|---|---|---|
| 001 | 28132 | ||
| 003 | |||
| 040 | |||
| 090 | |a CIDCACS-CR: 187600 | ||
| 110 | |a ONUSIDA | ||
| 245 | |a Declaración de compromiso en la lucha contra el VIH SIDA / |c ONUSIDA | ||
| 260 | |a Nueva York: |b Departamento de Información de las Naciones Unidas | ||
| 300 | |a 45 p | ||
| 650 | |a VIH | ||
| 650 | |a SIDA | ||
| 650 | |a SALUD PUBLICA | ||
| 650 | |a POLITICA DE SALUD | ||
| 650 | |a ONU | ||
| 710 | |a UNICEF |a PNUD |a FNUAP |a PNUFID |a UNESCO |a OMS |a BANCO MUNDIAL | ||
| 999 | |c 10830 |d 10830 | ||
